书目信息 |
| 题名: |
录象机使用·维修·图集
|
|
| 作者: | 徐维良 编 | |
| 分册: | 1 | |
| 出版信息: | 北京 电子工业出版社 1987 |
|
| 页数: | 106页 | |
| 开本: | 26cm | |
| 丛书名: | ||
| 单 册: | ||
| 中图分类: | TN946 , TN646 | |
| 科图分类: | ||
| 主题词: | 磁带录像机 , 电声器件 | |
| 电子资源: | ||
| ISBN: | ||
| 000 | 00695nam0 2200265 45 | |
| 001 | 0187006589 | |
| 005 | 20040518085307.1 | |
| 010 | @dCNY5.90 | |
| 091 | @a15290.575 | |
| 100 | @a19900903d1987 em y0chiy0121 ea | |
| 101 | 0 | @achi |
| 102 | @aCN@b110000 | |
| 105 | @aa z 000yy | |
| 106 | @ar | |
| 200 | 10 | @a录象机使用·维修·图集@Alu xiang ji shi yong wei xiu tu ji@h1@f徐维良编 |
| 210 | @a北京@c电子工业出版社@d1987 | |
| 215 | @a106页@c图@d26cm | |
| 606 | @a磁带录像机 | |
| 606 | 0 | @a电声器件 |
| 690 | @aTN946@v3 | |
| 690 | @aTN646 | |
| 701 | 0 | @a徐维良@Axu wei liang@4编 |
| 801 | 0 | @aCN@b深圳图书馆@c20040518 |
| 801 | 2 | @aCN@bNLC@c20040518 |
| 905 | @f1@b204323@dTN646@e42:1 | |
| 录象机使用·维修·图集.1/徐维良编.-北京:电子工业出版社,1987 |
| 106页:图;26cm |
| ISBN :CNY5.90 |
| ● |
| 相关链接 |
|
|
|
|
正题名:录象机使用·维修·图集
索取号:TN646/42:1
 
预约/预借
| 序号 | 登录号 | 条形码 | 馆藏地/架位号 | 状态 | 备注 |
| 1 | 0204323 | 001326871 | 第三借阅区/ [索取号:TN646/42:1] | 在馆 | |
| 2 | 0204324 | 001328584 | 第二样本阅览室/ [索取号:TN646/42:1] | 在馆 |